| 000 | 00806nam a22002775i 4500 | ||
|---|---|---|---|
| 001 | 17276 | ||
| 003 | ES-MaACL | ||
| 005 | 20260525062923.0 | ||
| 007 | t| | ||
| 008 | 010124s2000 sp ||||0| spa j | ||
| 020 | _a84-239-7350-6 | ||
| 040 |
_aM-BN _bspa _cM-BN |
||
| 080 | _a820-21"15" | ||
| 100 | 1 |
_aShakespeare, William, _d1564-1616 _9105992 |
|
| 245 | 1 | 0 |
_aHamlet / _cWilliam Shakespeare ; tradución y edición, Angel-Luis Pujante. |
| 250 | _a10ª ed. | ||
| 260 |
_aMadrid : _bEspasa-Calpe, _c2000. |
||
| 300 |
_a240 p. ; _c18 cm. |
||
| 490 | 1 |
_aColección austral ; _v350 |
|
| 504 | _aBibliografía: p. [43]-47. | ||
| 700 | 1 |
_aPujante, Ángel-Luis. _994327 |
|
| 830 | 0 |
_aColección austral _v350 _9177655 |
|
| 852 |
_aES-MaACL _jL-24082 _bR.129241 |
||
| 999 |
_c17276 _d17276 |
||